000 01715nam a22003735i 4500
003 EG-ScBUE
005 20220718101609.0
008 170524s2018 ua a f 001 0 ara d
017 _a2008 / 4746
020 _a9771611615
040 _aEG-ScBUE
_bara
_cEG-ScBUE
_dEG-ScBUE
041 1 _aara
_aeng
_heng
082 0 4 _a418.02
_bع ن ا
_222
100 1 _aعناني، محمد،
_eمؤلف.
245 1 0 _aمرشد المترجم إلى أصعب الكلمات الشائعة في اللغة الإنجليزية :
_bمدخل إلى التحولات الدلالية والفروق اللغوية /
_cالدكتور محمد عناني، أستاذ اللغة الإنجليزية وآدابها، كلية الآداب، جامعة القاهرة.
250 _aالطبعة السادسة.
264 1 _aالجيزة، مصر :
_bالشركة المصرية العالمية للنشر، لونجمان،
_c2018.
264 2 _aالقاهرة :
_bشركة أبو الهول للنشر
300 _a310، 36 صفحة ؛
_c24 سم.
336 _aنص
_btxt
_2rdacontent
337 _aبدون وسيط
_bn
_2rdamedia
338 _aمجلد
_bnc
_2rdacarrier
490 0 _aلغويات
500 _aيشتمل على كشاف.
546 _aالنص باللغتين العربية والإنجليزية؛ مترجم من اللغة الإنجليزية.
650 7 _aاللغة العربية
_xترجمة.
_2BUEsh
650 7 _aاللغة الإنجليزية
_xترجمة.
_2BUEsh
_926944
650 7 _aالترجمة.
_2BUEsh
650 7 _aالترجمة الإنجليزية.
_2BUEsh
651 _2BUEsh
653 _bHHUUEENN
_bGGEN
_cDecember2019
655 _vReading book
_934232
942 _2ddc
999 _c27942
_d27913